书目信息 |
| 题名: |
仿宋字技法
|
|
| 作者: | 华清波 编著 | |
| 分册: | ||
| 出版信息: | 上海 上海科学技术出版社 1995.12 |
|
| 页数: | 124页 | |
| 开本: | 32开 | |
| 丛书名: | ||
| 单 册: | ||
| 中图分类: | J292.13 | |
| 科图分类: | ||
| 主题词: | 书法--中国 , 篆刻--中国 | |
| 电子资源: | ||
| ISBN: | 7-5323-3988-2 | |
| 000 | 00572nam0 2200205 45 | |
| 001 | 0008140995 | |
| 005 | 20000814094819.2 | |
| 010 | @a7-5323-3988-2@d7.00元 | |
| 100 | @a20000814d1995 km y0chiy0120 ea | |
| 101 | 0 | @achi |
| 105 | @a z 000yy | |
| 200 | 1 | @a仿宋字技法@AFang Song Zi Ji Fa@f华清波编著@FHua Qing Bo Bian Zhu |
| 210 | @a上海@c上海科学技术出版社@d1995.12 | |
| 215 | @a124页@d32开 | |
| 606 | 0 | @a书法@x中国 |
| 606 | 0 | @a篆刻@x中国 |
| 690 | @aJ292.13@v3 | |
| 701 | 0 | @a华清波@4编著 |
| 801 | @aCN@bPftUser@c20000814 | |
| 905 | @b105419-448@dJ292.13@eH068@f30 | |
| 仿宋字技法/华清波编著.-上海:上海科学技术出版社,1995.12 |
| 124页;32开 |
| ISBN 7-5323-3988-2:7.00元 |
| ● |
| 相关链接 |
|
|
|
正题名:仿宋字技法
索取号:J292.13/H068
 
预约/预借
| 序号 | 登录号 | 条形码 | 馆藏地/架位号 | 状态 | 备注 |
| 1 | 105419 | 201054198 | 社科库309/ [索取号:J292.13/H068] | 在馆 | |
| 2 | 105420 | 201054205 | 自科二线404/309社科库 47排1列1层/ [索取号:J292.13/H068] | 在馆 | |
| 3 | 105421 | 201054214 | 自科二线404/309社科库 80排2列1层/ [索取号:J292.13/H068] | 在馆 | |
| 4 | 105422 | 201054223 | 自科二线404/404自科库 2排3列3层/ [索取号:J292.13/H068] | 在馆 | |
| 5 | 105423 | 201054232 | 自科二线404/309社科库 80排2列1层/ [索取号:J292.13/H068] | 在馆 | |
| 6 | 105424 | 201054241 | 自科二线404/309社科库 47排1列1层/ [索取号:J292.13/H068] | 在馆 | |
| 7 | 105425 | 201054250 | 自科二线404/309社科库 80排2列1层/ [索取号:J292.13/H068] | 在馆 | |
| 8 | 105426 | 201054269 | 自科二线404/309社科库 80排2列1层/ [索取号:J292.13/H068] | 在馆 | |
| 9 | 105427 | 201054278 | 自科二线404/309社科库 80排2列1层/ [索取号:J292.13/H068] | 在馆 | |
| 10 | 105428 | 201054287 | 自科二线404/309社科库 80排2列1层/ [索取号:J292.13/H068] | 在馆 | |
| 11 | 105429 | 201054296 | 自科二线404/404自科库 2排3列3层/ [索取号:J292.13/H068] | 在馆 | |
| 12 | 105430 | 201054303 | 社科库309/ [索取号:J292.13/H068] | 在馆 | |
| 13 | 105431 | 201054312 | 自科二线404/309社科库 80排2列1层/ [索取号:J292.13/H068] | 在馆 | |
| 14 | 105432 | 201054321 | 自科二线404/309社科库 80排2列1层/ [索取号:J292.13/H068] | 在馆 | |
| 15 | 105433 | 201054330 | 社科库309/ [索取号:J292.13/H068] | 在馆 | |
| 16 | 105434 | 201054349 | 社科库309/ [索取号:J292.13/H068] | 在馆 | |
| 17 | 105435 | 201054358 | 社科库309/400B社科库 17排3列6层/ [索取号:J292.13/H068] | 在馆 | |
| 18 | 105436 | 201054367 | 自科二线404/309社科库 80排2列1层/ [索取号:J292.13/H068] | 在馆 | |
| 19 | 105437 | 201054376 | 社科库309/ [索取号:J292.13/H068] | 在馆 | |
| 20 | 105438 | 201054385 | 自科二线404/309社科库 47排1列1层/ [索取号:J292.13/H068] | 在馆 | |
| 21 | 105439 | 201054394 | 自科二线404/309社科库 80排2列1层/ [索取号:J292.13/H068] | 在馆 | |
| 22 | 105440 | 201054401 | 社科库309/504自科库 32排1列3层/ [索取号:J292.13/H068] | 在馆 | |
| 23 | 105441 | 201054410 | 自科二线404/309社科库 80排2列1层/ [索取号:J292.13/H068] | 在馆 | |
| 24 | 105442 | 201054429 | 自科二线404/309社科库 80排2列1层/ [索取号:J292.13/H068] | 在馆 | |
| 25 | 105443 | 201054438 | 自科二线404/309社科库 80排2列1层/ [索取号:J292.13/H068] | 在馆 | |
| 26 | 105444 | 201054447 | 自科二线404/309社科库 80排2列1层/ [索取号:J292.13/H068] | 在馆 | |
| 27 | 105445 | 201054456 | 自科二线404/309社科库 80排2列1层/ [索取号:J292.13/H068] | 在馆 | |
| 28 | 105446 | 201054465 | 自科二线404/309社科库 80排2列1层/ [索取号:J292.13/H068] | 在馆 | |
| 29 | 105447 | 201054474 | 自科二线404/309社科库 80排2列1层/ [索取号:J292.13/H068] | 在馆 | |
| 30 | 105448 | 201054483 | 自科二线404/404自科库 5排5列1层/ [索取号:J292.13/H068] | 在馆 |